000
00336nam a2200145Ia 4500
008
230718s9999 xx 000 0 und d
041
_a
Eng.
082
_a
343.255
_b
SHE-W
100
_a
Sherry, Michael
245
0
_a
Whiteman on Capital
260
_a
Pakistan
_b
Sweet & Maxwell
_c
2002
300
_a
267
650
_a
Law
999
_c
26841
_d
26841